History Quiz

Random History or Decade Quiz

520s Missing Word Quiz Stats

 Plays Quiz not verified by Sporcle

Also try: 530s Missing Word
Challenge
Share
Tweet
Embed
Score 0/26 Timer 03:00
0 Plays Today
Clue Missing Word % Correct
Plato's academy at ______ closesAthens
95.9%
King Theodoric the _____Great
90.7%
______ of the Nativity burnt downChurch
89.7%
Antioch struck by an __________Earthquake
89.7%
Bodhidharma, Buddhist ____Monk
88.7%
_____ AmalasunthaQueen
88.7%
The ______ defeat the BurgundiansFranks
86.6%
Codex Justinianus (Code of Civil ____)Laws
86.6%
____ Felix IVPope
85.6%
Hormisdas dies at Rome, _____Italy
83.5%
Kaleb establishes ports on the ___ SeaRed
82.5%
Bulguksa is built in South _____Korea
81.4%
Cosmas Indicopleustes sail up the ____Nile
81.4%
Clue Missing Word % Correct
Shroud of _____ is allegedly discoveredTurin
81.4%
Hilderic succeeds his _____ (Thrasamund)Uncle
81.4%
Empress Hu drowned in the ______ RiverYellow
73.2%
______ I and his nephew JustinianJustin
72.2%
Amalaric proclaimed king of the _________Visigoths
71.4%
Xiaoming's ________ proclaimed empressDaughter
71.1%
King Pabo retires to Anglesey as a ______Hermit
64.9%
Chinese mathematician __ GengzhiZu
51.5%
________ of San Vitale constructedBasilica
45.4%
The Hephthalites (_____ Huns)White
40.2%
Revolt of the ___ GarrisonsSix
38.1%
Amalasuntha: _________ rulerOstrogoth
29.9%
Liu ___, Chinese writerXie
15.5%

You're not logged in!

Compare scores with friends on all Sporcle quizzes.
OR
Log In

You Might Also Like...

Show Comments

Extras

Created Oct 22, 2015ReportNominate
Tags:Decade Quiz, A-Z

Top Quizzes Today


Score Distribution

Your Account Isn't Verified!

In order to create a playlist on Sporcle, you need to verify the email address you used during registration. Go to your Sporcle Settings to finish the process.

Report this User

Report this user for behavior that violates our Community Guidelines.

Details: